Enhancing Competitiveness in Central Asia

Gespeichert in:
Bibliographische Detailangaben
Format: Buch
Sprache:Englisch
Veröffentlicht: Paris OECD 2018
Schriftenreihe:Competitiveness and Private Sector Development
Schlagworte:
Tags: Tag hinzufügen
Keine Tags, Fügen Sie das erste Tag hinzu!

MARC

LEADER 00000nam a2200000 4500
001 0241628
005 20221220065533.0
020 |a 978-92-64-28812-6 
041 0 |a eng 
044 |a FR 
245 1 0 |a Enhancing Competitiveness in Central Asia 
264 1 |a Paris  |b OECD  |c 2018 
300 |a 198 s. 
490 1 |a Competitiveness and Private Sector Development 
830 0 |a Competitiveness and Private Sector Development 
610 2 0 |a konkurencieschopnosť 
610 2 0 |a stredná Ázia 
610 2 0 |a správa verejná 
610 2 0 |a prostredie podnikateľské 
610 2 0 |a financovanie podnikov 
610 2 0 |a Mongolsko 
610 2 0 |a Tadžikistan 
610 2 0 |a Kirgizsko 
610 2 0 |a poľnohospodárstvo 
610 2 0 |a Uzbekistan 
610 2 0 |a vývoz 
610 2 0 |a investície 
610 2 0 |a Kazachstan